=LDR 00000nam 2200000 4500 =001 INLIS000000000030725 =005 20250313122526 =035 ##$$a 0010-061300000030725 =008 250313################d##########0#ind## =041 ##$$a Ind =082 ##$$a 028.5 =090 ##$$a 028.5, Her m =100 ##$$a Hermelink, Konstin =245 1#$$a Malaikat pelindungku yang menakjubkan ketika mana sakit kanker, Kerstin Hermelink =260 ##$$a Jakarta :$b Yayasan Obor Indonesia,$c 2008 =300 ##$$a 55 hlm, ilus, 22 cm : $b ilus. ; $c 22 x 15 cm. =650 #4$$a Bacaan kanak-kanak =850 ##$$a NBPNMAT =020 ##$$a 978-979-461-674-1 =084 ##$$a 028.5 HER m =990 ##$$a 0001/BPAP-NTB/20142014